Papyri in the Princeton University collections.

محفوظ في:

مؤلف مشترك: Princeton University. Library.

التنسيق: كتاب

اللغة: English

منشور في: Baltimore : John Hopkins University Press, 1931-42.

سلاسل: Princeton University studies in papyrology ; 1, 4.
John Hopkins University studies in archaeology ; 10.

الموضوعات:

الوسوم: إضافة وسم

لا توجد وسوم, كن أول من يضع وسما على هذه التسجيلة!

رقم الطلب: PA3305 .P9 v.1-3

LEADER 00968nam a22002537a 4500
003 OSt
005 20250922103722.0
008 250922t19311942mduh g 000 0 eng d
040 |c ARCE Library 
050 1 4 |a PA3305  |b .P9 v.1-3 
110 2 |a Princeton University.   |b Library. 
245 1 0 |a Papyri in the Princeton University collections. 
264 1 |a Baltimore :   |b John Hopkins University Press,   |c 1931-42. 
300 |a 3 volumes :   |b facsimiles ;   |c 24-26 cm. 
490 1 |a Princeton University studies in papyrology ;   |v 1, 4. 
490 1 |a John Hopkins University studies in archaeology ;   |v 10. 
500 |a Vols. 2- have imprint: Princeton, Princeton University Press. 
504 |a "Papyrological publications": v.1, p. ix-x. 
650 0 |a Manuscripts, Greek (Papyri)  
830 0 |a Princeton University studies in papyrology ;   |v 1, 4. 
830 0 |a John Hopkins University studies in archaeology ;   |v 10. 
901 |a reviewed 
942 |c BK  |2 lcc 
999 |c 22269  |d 22269